| 000 | 00643nam a2200265Ia 4500 | ||
|---|---|---|---|
| 003 | OSt | ||
| 005 | 20220912152631.0 | ||
| 006 | a|||||r|||| 00| 0 | ||
| 007 | ta | ||
| 008 | 220909b |||||||| |||| 00| 0 eng d | ||
| 024 | _a38456 | ||
| 037 | _cTextual | ||
| 040 |
_aCSL _beng _cCSL |
||
| 041 | _aeng | ||
| 082 | _aC1, J9 | ||
| 100 | _aChurchman C West | ||
| 245 | 0 | _aMeasurement: Definitions and theories | |
| 260 | _c1959 | ||
| 300 |
_ap. _ccm. |
||
| 650 | _a Physics fundamentals | ||
| 650 | _aPhysics | ||
| 700 | _a Ratoosh P | ||
| 942 |
_hC1, J9 _cTEXL _2CC |
||
| 999 |
_c90021 _d90021 |
||